00530nam a2200193Ia 450000500170000000800410001702000150005808200080007310000180008124500370009926000300013630000190016665000120018565000140019765000100021194200060022195200940022799900150032120240813065633.0240331s9999 xx 000 0 und d a0745301738 a401 aChilton, Paul 0aOrwellian Language and the Media aLondonbPluto pressc1988 aviii, 127 p ., aScience aPolitical aMedia cL 001040708LaWERCLbWERCLcSSCd2024-03-31l0o 401CHIp2067r2024-03-31w2024-03-31yL c2995d2995